ធរណីវិទ្យាអនុវត្តន៍នៅតំបន់ក្តៅសើមនិងនៅកម្ពុជា (Record no. 8855)
[ view plain ]
| 000 -LEADER | |
|---|---|
| fixed length control field | 00417nam a22001217a 4500 |
| 040 ## - CATALOGING SOURCE | |
| Transcribing agency | HS |
| 082 ## - DEWEY DECIMAL CLASSIFICATION NUMBER | |
| Classification number | 631 |
| 100 ## - MAIN ENTRY--AUTHOR NAME | |
| Personal name | ត្រាន ថាន់កាញ់ |
| 245 ## - TITLE STATEMENT | |
| Title | ធរណីវិទ្យាអនុវត្តន៍នៅតំបន់ក្តៅសើមនិងនៅកម្ពុជា |
| 260 ## - PUBLICATION, DISTRIBUTION, ETC. (IMPRINT) | |
| Place of publication | Cambodia |
| Name of publisher | ត្រាន ថាន់កាញ់ |
| Year of publication | 1992 |
| 300 ## - PHYSICAL DESCRIPTION | |
| Number of Pages | 65p; |
| 942 ## - ADDED ENTRY ELEMENTS (KOHA) | |
| Koha item type | សៀវភៅភាសាខ្មែរ |
| 952 ## - LOCATION AND ITEM INFORMATION (KOHA) | |
| Withdrawn status [LOCAL, KOHA] | 0 |
| 952 ## - LOCATION AND ITEM INFORMATION (KOHA) | |
| Withdrawn status [LOCAL, KOHA] | 0 |
| 952 ## - LOCATION AND ITEM INFORMATION (KOHA) | |
| Withdrawn status [LOCAL, KOHA] | 0 |
| Permanent Location | Date acquired | Koha item type | Lost status | Shelving location | Barcode | Current Location | Full call number |
|---|---|---|---|---|---|---|---|
| Library Block C | 2016-08-18 | សៀវភៅភាសាខ្មែរ | C236 | RUA046868 | Library Block C | 631 ត្រាន 1992 C236 | |
| Library Block C | 2016-08-18 | សៀវភៅភាសាខ្មែរ | C236 | RUA061752 | Library Block C | 631 ត្រាន 1992 C236 | |
| Library Block C | 2016-10-10 | សៀវភៅភាសាខ្មែរ | C169 | RUA046856 | Library Block C | 631 ត្រាន 1992 C169 |